| 000 | 00796nam a22002177a 4500 | ||
|---|---|---|---|
| 003 | SEM | ||
| 005 | 20251103115834.0 | ||
| 008 | 251002s2005 ru ||||gr||||||01|||rus|d | ||
| 020 | _a5787101863 | ||
| 040 |
_aSEM _cSEM |
||
| 041 |
_arus _ager |
||
| 080 | _a803․0(075.3)/З-13 | ||
| 100 | _aЗавьялова, В., Ильина, Л. | ||
| 245 |
_aПрактический курс немецкого языка : _bДля начинаюших / _cВ. Завьялова, Л. Ильина |
||
| 250 |
_aИздание 6-е _bпереработанное и дополненное |
||
| 260 |
_aМосква : _b«Лист Нью», _c2005. |
||
| 300 |
_a875 с. ; _c22 см |
||
| 650 |
_aНемецкий язык _xПрактический курс |
||
| 653 | _aՍԷՄ | ||
| 942 |
_2udc _cBK _n0 |
||
| 999 |
_c77017 _d77017 |
||